Gaming Quiz

Random Gaming or Video Games Quiz

3 Gaming Threesomes Quiz Stats

 Plays Quiz Updated Aug 1, 2017

Support Sporcle.
Go Orange.
Score 0/9 Timer 01:30
0 Plays Today
Hint Answer % Correct
Pokémon Red/Blue StartersCharmander
63%
Pokémon Red/Blue StartersSquirtle
62.8%
Pokémon Red/Blue StartersBulbasaur
60.9%
Yellow Monopoly PropertiesMarvin Gardens
56%
Yellow Monopoly PropertiesAtlantic Avenue
45.7%
Yellow Monopoly PropertiesVentnor Avenue
43.1%
Barbie's Sister DollsSkipper
31.4%
Barbie's Sister DollsChelsea/Kelly/Shelly
20.7%
Barbie's Sister DollsStacie
16.4%

You're not logged in!

Compare scores with friends on all Sporcle quizzes.
OR
Log In
Forgot?

From the Vault

Characters from Shrek

by Xala83

There's a lot more to ogres than people think.
Remove Ads.
Support Sporcle.
Get the best of Sporcle when you Go Orange. This ad-free experience offers more features, more stats, and more fun while also helping to support Sporcle. Thank you for becoming a member.

Show Comments

Extras

Top Quizzes Today


Score Distribution

Your Account Isn't Verified!

In order to create a playlist on Sporcle, you need to verify the email address you used during registration. Go to your Sporcle Settings to finish the process.

Report this User

Report this user for behavior that violates our Community Guidelines.

Details: